The Simpsons - Special Guests by Picture #2 - Statistics

General Stats
  • This quiz has been taken 157 times
    156 since last reset
  • The average score is 5 of 16
Answer Stats
Picture Answer % Correct
Mark Hamill
94%
Keith Richards
75%
Tony Hawk
75%
Betty White
42%
Kim Basinger
37%
Gary Coleman
33%
Little Richard
33%
George Harrison
32%
Mel Brooks
24%
David Crosby
21%
Mickey Rooney
21%
Peter Frampton
15%
Janeane Garofalo
12%
Paul Anka
9%
Robert Goulet
7%
Butch Patrick
6%
No matching quizzes found
Score Distribution
Percent of People with Each Score
Percentile by Number Answered
Your Score History
You have not taken this quiz since the last reset